00332nam a2200133Ia 450000100060000000800410000604000130004708200160006010000180007624500450009426000410013930000110018054600070019118735140407s9999 xx 000 0 und d cPK-LaUMT a 291bBOU-S aA. C. Bouquet aSacred books of the worldcA. C. Bouquet aBaltimore,USA:bPenguin Books,c1959 a345 p. aEN